[Event "Tilburg Fontys"]
[Site "Tilburg"]
[Date "1997.??.??"]
[Round "4"]
[White "Kasparov, Garry"]
[Black "Onischuk, Alexander"]
[Result "1/2-1/2"]
[WhiteElo "2820"]
[BlackElo "2625"]
[PlyCount "120"]
[EventDate "1997.09.27"]
[Source "ChessBase"]
[SourceDate "1997.11.23"]

1. d4 Nf6 2. c4 e6 3. Nf3 b6 4. Nc3 Bb4 5. Bg5 Bb7 6. Nd2 h6 7. Bh4 O-O 8. e3 d5 9. cxd5 exd5 10. Be2 Be7 11. O-O c5 12. Bf3 Nbd7 13. Bg3 Rc8 14. Nb5 a6 15. Nd6 Bxd6 16. Bxd6 Re8 17. Rc1 cxd4 18. Rxc8 Qxc8 19. exd4 Ne4 20. Bf4 Ndf6 21. Re1 Nxd2 22. Rxe8+ Qxe8 23. Qxd2 Ne4 24. Qb4 Ng5 25. Bxg5 hxg5 26. h3 Qe6 27. Qc3 Qe7 28. b4 g6 29. a4 Kg7 30. a5 Qd6 31. Be2 b5 32. Qe3 Qe6 33. Qxe6 fxe6 34. Bd3 Kf6 35. Kf1 Bc6 36. Ke2 Be8 37. Ke3 Bd7 38. g3 Bc8 39. Bc2 Bd7 40. Bd1 Bc8 41. Bg4 Bd7 42. Be2 Bc8 43. Bd1 Bd7 44. Bc2 Bc8 45. f4 gxf4+ 46. Kxf4 g5+ 47. Kf3 Kg7 48. h4 Kh6 49. Kg4 e5+ 50. Kf3 e4+ 51. Bxe4 dxe4+ 52. Kxe4 gxh4 53. gxh4 Kh5 54. Kd5 Kxh4 55. Kc6 Kg5 56. Kc7 Be6 57. Kb7 Kf4 58. Kxa6 Ke4 59. Kxb5 Kxd4 60. a6 Bd5 1/2-1/2

[Event "Tilburg 74/(525)"]
[Site "?"]
[Date "1998.??.??"]
[Round "?"]
[White "Van Wely, Loek"]
[Black "Anand, Viswanathan"]
[Result "1/2-1/2"]
[WhiteElo "2635"]
[BlackElo "2795"]
[PlyCount "53"]
[EventDate "1998.??.??"]
[Source "ChessBase"]
[SourceDate "1998.10.01"]

1. d4 Nf6 2. c4 e6 3. Nc3 Bb4 4. Nf3 b6 5. Bg5 Bb7 6. e3 h6 7. Bh4 g5 8. Bg3 Ne4 9. Qc2 Bxc3+ 10. bxc3 Nxg3 11. fxg3 d6 12. Bd3 Qe7 13. O-O Nd7 14. Nd2 O-O 15. g4 Nf6 16. h3 h5 17. gxh5 Nxh5 18. g4 Ng3 19. Rf2 f5 20. Kh2 Ne4 21. Nxe4 fxe4 22. Rxf8+ Rxf8 23. Bxe4 Bxe4 24. Qxe4 Rf2+ 25. Kg1 Qf7 26. Re1 Kg7 27. a4 1/2-1/2

[Event "WM Leningrad"]
[Site "?"]
[Date "1986.??.??"]
[Round "18"]
[White "Kasparov, Gary"]
[Black "Karpov, Anatoly"]
[Result "0-1"]
[WhiteElo "2720"]
[BlackElo "2700"]
[PlyCount "124"]
[EventDate "1986.??.??"]
[Source "www.chesslib.no"]
[SourceDate "2004.05.04"]

1. d4 Nf6 2. c4 e6 3. Nf3 b6 4. Nc3 Bb4 5. Bg5 Bb7 6. e3 h6 7. Bh4 Bxc3+ 8. bxc3 d6 9. Nd2 g5 10. Bg3 Qe7 11. a4 a5 12. h4 Rg8 13. hxg5 hxg5 14. Qb3 Na6 15. Rb1 Kf8 16. Qd1 Bc6 17. Rh2 Kg7 18. c5 bxc5 19. Bb5 Nb8 20. dxc5 d5 21. Be5 Kf8 22. Rh6 Ne8 23. Qh5 f6 24. Rh7 Ng7 25. Qf3 Kf7 26. Qh5+ Kf8 27. Qf3 Kf7 28. Rh6 Ne8 29. e4 g4 30. Qf4 Bxb5 31. Rxb5 Nd7 32. Bxc7 Nxc5 33. Qe3 Nxe4 34. Nxe4 dxe4 35. Bxa5 f5 36. Bb4 Qd7 37. Qd4 Ra7 38. Rh7+ Ng7 39. a5 Kg6 40. Qxd7 Rxd7 41. Rh4 Rgd8 42. c4 Rd1+ 43. Ke2 Rc1 44. a6 Rc2+ 45. Ke1 Ra2 46. Rb6 Rd3 47. c5 Ra1+ 48. Ke2 Ra2+ 49. Ke1 g3 50. fxg3 Rxg3 51. Kf1 Rgxg2 52. Be1 Rgc2 53. c6 Ra1 54. Rh3 f4 55. Rb4 Kf5 56. Rb5+ e5 57. Ra5 Rd1 58. a7 e3 59. Rf3 Nh5 60. a8=Q Ng3+ 61. Rxg3 Rf2+ 62. Kg1 Rxe1# 0-1

[Event "RUS"]
[Site "?"]
[Date "2006.04.24"]
[Round "5"]
[White "Moiseenko Alexander"]
[Black "Ponomariov Ruslan"]
[Result "1-0"]
[WhiteElo "2662"]
[BlackElo "2738"]
[PlyCount "111"]
[EventDate "2006.??.??"]
[Source "www.chesslib.no"]
[SourceDate "2004.05.04"]

1. d4 e6 2. c4 Nf6 3. Nc3 Bb4 4. Nf3 b6 5. Bg5 Bb7 6. Nd2 h6 7. Bh4 Qe7 8. f3 d5 9. e3 O-O 10. Be2 e5 11. O-O exd4 12. exd4 Re8 13. Rf2 g5 14. Bg3 Nc6 15. Nb3 dxc4 16. Bxc4 Rad8 17. Qd3 Kg7 18. f4 Ng4 19. Re2 Qd7 20. d5 Rxe2 21. Qxe2 Re8 22. Qd2 Na5 23. Bb5 Nxb3 24. Bxd7 Nxd2 25. Bxe8 gxf4 26. Be1 f3 27. Bc6 Ba6 28. gxf3 Nxf3+ 29. Kg2 Nfe5 30. Bg3 Ne3+ 31. Kh1 N3c4 32. a3 Bxc3 33. bxc3 Nxc6 34. dxc6 Bb5 35. Bxc7 Bxc6+ 36. Kg1 Kg6 37. Kf2 Kf5 38. Kg3 Ke4 39. Rf1 Nxa3 40. Rf6 Bd5 41. Rxh6 Nb5 42. Bb8 Nxc3 43. Bxa7 b5 44. h4 Ne2+ 45. Kg4 Kd3 46. h5 Be4 47. Bc5 f5+ 48. Kg5 f4 49. Re6 f3 50. Rxe4 Kxe4 51. h6 Nf4 52. h7 Ne6+ 53. Kg4 Nxc5 54. h8=Q f2 55. Qh1+ Ke3 56. Qf3+ 1-0

[Event "World Blitz"]
[Site "Moscow RUS"]
[Date "2007.11.22"]
[Round "36"]
[White "Dreev, A."]
[Black "Ivanchuk, V."]
[Result "0-1"]
[WhiteElo "2607"]
[BlackElo "2787"]
[PlyCount "62"]
[EventDate "2007.11.21"]
[Source "www.chesslib.no"]
[SourceDate "2004.05.04"]

1. d4 Nf6 2. c4 e6 3. Nf3 b6 4. Nc3 Bb4 5. Bg5 h6 6. Bh4 g5 7. Bg3 Ne4 8. Qc2 Bb7 9. Be5 Bxc3+ 10. bxc3 Rg8 11. d5 f5 12. Nd4 Na6 13. g4 Qe7 14. Bg2 exd5 15. f4 gxf4 16. Bxf4 Qh4+ 17. Bg3 Nxg3 18. hxg3 Qxg3+ 19. Kf1 fxg4 20. Qd3 Rf8+ 21. Kg1 Qf2+ 22. Kh2 Qh4+ 23. Kg1 Qf2+ 24. Kh2 O-O-O 25. cxd5 Bxd5 26. Qxa6+ Kb8 27. e4 Qh4+ 28. Kg1 Qf2+ 29. Kh2 Bxe4 30. Qe2 g3+ 31. Kh3 Bxg2+ 0-1

[Event "5th Staunton Mem"]
[Site "London ENG"]
[Date "2007.08.18"]
[Round "11"]
[White "Sokolov, Iv NED"]
[Black "Adams, Mi"]
[Result "1/2-1/2"]
[WhiteElo "2666"]
[BlackElo "2724"]
[PlyCount "89"]
[EventDate "2007.08.07"]
[Source "www.chesslib.no"]
[SourceDate "2004.05.04"]

1. d4 Nf6 2. c4 e6 3. Nf3 b6 4. Nc3 Bb4 5. Bg5 Bb7 6. Nd2 h6 7. Bh4 Be7 8. e4 O-O 9. Bg3 d5 10. cxd5 exd5 11. e5 Nfd7 12. Bd3 c5 13. O-O cxd4 14. Nb5 Nc5 15. Nf3 Nc6 16. Nfxd4 Nxd4 17. Nxd4 Nxd3 18. Qxd3 Bc5 19. Rfe1 Bc8 20. e6 fxe6 21. Nxe6 Bxe6 22. Rxe6 Qd7 23. Rae1 Rf7 24. R6e5 Raf8 25. R1e2 Rf5 26. h3 h5 27. a3 a5 28. Rd2 Rxe5 29. Bxe5 Qe6 30. Bg3 Rf5 31. Re2 Qf7 32. Qb5 Qf6 33. b4 axb4 34. axb4 Bf8 35. Qe8 h4 36. Bc7 Kh7 37. Re6 Qf7 38. Qxf7 Rxf7 39. Bxb6 Bxb4 40. Re5 Rb7 41. Be3 Bd6 42. Rh5+ Kg6 43. Rg5+ Kf6 44. f4 Rb4 45. Rxd5 1/2-1/2

[Event "Cannes NAO Masters"]
[Site "Cannes"]
[Date "2002.02.23"]
[Round "2"]
[White "Bacrot, Etienne"]
[Black "Topalov, Veselin"]
[Result "1/2-1/2"]
[WhiteElo "2649"]
[BlackElo "2739"]
[PlyCount "49"]
[EventDate "2002.02.22"]
[Source "ChessBase"]
[SourceDate "2002.03.21"]

1. d4 Nf6 2. c4 e6 3. Nc3 Bb4 4. Nf3 b6 5. Bg5 h6 6. Bh4 Bb7 7. e3 c5 8. Bd3 cxd4 9. exd4 Bxc3+ 10. bxc3 d6 11. Qa4+ Nbd7 12. Qb4 Qc7 13. Bg3 e5 14. Nh4 Be4 15. Bxe4 Nxe4 16. Nf5 g6 17. Ne3 O-O 18. Nd5 Qd8 19. O-O Re8 20. Rad1 exd4 21. Bxd6 Nxc3 22. Nxc3 dxc3 23. Qxc3 Qf6 24. Qh3 Ne5 25. c5 1/2-1/2

[Event "Corr"]
[Site "?"]
[Date "2002.01.15"]
[Round "?"]
[White "Tarnowiecki Harald"]
[Black "Elwert Hans-Marcus (GER)"]
[Result "1/2-1/2"]
[WhiteElo "2692"]
[BlackElo "2687"]
[PlyCount "49"]
[EventDate "2002.??.??"]
[Source "www.chesslib.no"]
[SourceDate "2004.05.04"]

1. d4 Nf6 2. c4 e6 3. Nf3 b6 4. Nc3 Bb4 5. Bg5 Bb7 6. e3 h6 7. Bh4 g5 8. Bg3 Ne4 9. Qc2 Bxc3+ 10. bxc3 d6 11. Bd3 Nxg3 12. hxg3 g4 13. Nh4 Nd7 14. a4 a5 15. Be4 Bxe4 16. Qxe4 Nf6 17. Qf4 Qe7 18. O-O e5 19. Qf5 Qe6 20. Qd3 e4 21. Qe2 Rg8 22. Rab1 Rg5 23. Rb2 Ke7 24. Rfb1 Kf8 25. Rb5 1/2-1/2

[Event "Armenia - ROW"]
[Site "?"]
[Date "2004.??.??"]
[Round "?"]
[White "Gelfand, B."]
[Black "Vallejo Pons, F."]
[Result "0-1"]
[WhiteElo "2710"]
[BlackElo "2665"]
[PlyCount "48"]
[EventDate "2004.??.??"]
[Source "Chess Informant"]
[SourceDate "2004.06.01"]

1. d4 Nf6 2. c4 e6 3. Nf3 b6 4. Nc3 Bb4 5. Bg5 Bb7 6. e3 h6 7. Bh4 g5 8. Bg3 Ne4 9. Nd2 Nxc3 10. bxc3 Bxc3 11. Rc1 Bb4 12. h4 gxh4 13. Rxh4 Be7 14. Rh5 Bd6 15. Qg4 Qf6 16. c5 Bxg3 17. Qxg3 Na6 18. Bd3 Rc8 19. Bxa6 Bxa6 20. cxb6 axb6 21. Rxc7 Rxc7 22. Qxc7 Qg6 23. Rh3 Qd3 24. Kd1 Ke7 0-1

[Event "Dortmund GER"]
[Site "Dortmund GER"]
[Date "1995.??.??"]
[Round "?"]
[White "Piket, Jeroen"]
[Black "Ivanchuk, Vassily"]
[Result "1-0"]
[WhiteElo "2670"]
[BlackElo "2700"]
[PlyCount "83"]
[EventDate "1995.??.??"]
[Source "www.chesslib.no"]
[SourceDate "2004.05.04"]

1. d4 Nf6 2. c4 e6 3. Nf3 b6 4. Nc3 Bb4 5. Bg5 Bb7 6. e3 Bxc3+ 7. bxc3 h6 8. Bh4 Qe7 9. Nd2 g5 10. Bg3 d6 11. h4 Rg8 12. hxg5 hxg5 13. Be2 Nc6 14. Qa4 Qd7 15. Rh6 Ne5 16. Qd1 Ng6 17. Bf3 Bxf3 18. Qxf3 Ke7 19. O-O-O Rab8 20. e4 Qa4 21. e5 dxe5 22. Bxe5 Nd7 23. Bxc7 Rbc8 24. Bg3 Qxa2 25. Re1 Qa1+ 26. Nb1 Rxc4 27. Rxe6+ Kxe6 28. d5+ Ke7 29. Qe2+ Nde5 30. Bxe5 Nxe5 31. Qxe5+ Kd7 32. Qe6+ Kd8 33. Qd6+ Ke8 34. Rh3 Re4 35. Qc6+ Kd8 36. Re3 Rxe3 37. fxe3 Rh8 38. Qf6+ Kd7 39. Qxh8 Qa2 40. Qe5 Qxg2 41. Qf5+ Kd6 42. e4 1-0

[Event "World Blitz"]
[Site "Moscow RUS"]
[Date "2007.11.22"]
[Round "21"]
[White "Bacrot, E."]
[Black "Karpov, Ana"]
[Result "0-1"]
[WhiteElo "2695"]
[BlackElo "2670"]
[PlyCount "82"]
[EventDate "2007.11.21"]
[Source "www.chesslib.no"]
[SourceDate "2004.05.04"]

1. d4 Nf6 2. c4 e6 3. Nc3 Bb4 4. Nf3 b6 5. Bg5 Bxc3+ 6. bxc3 Bb7 7. e3 h6 8. Bh4 d6 9. Nd2 g5 10. Bg3 Qe7 11. h4 Rg8 12. hxg5 hxg5 13. Qa4+ Qd7 14. Qc2 Nc6 15. f3 O-O-O 16. Rh6 Qe7 17. Bd3 Rh8 18. Rxh8 Rxh8 19. O-O-O Nh5 20. Bf2 f5 21. Nb3 Kb8 22. Rh1 Qf8 23. d5 Ne5 24. Bf1 exd5 25. Nd4 Ng7 26. Rxh8 Qxh8 27. cxd5 Qh1 28. Qd1 Bxd5 29. Ne2 Nd3+ 30. Qxd3 Qxf1+ 31. Kd2 Bxa2 32. Be1 Qxg2 33. Qd4 Ne6 34. Qa4 Bd5 35. e4 fxe4 36. fxe4 Qxe4 37. Qe8+ Kb7 38. Qh8 Nc5 39. Nd4 g4 40. Qh4 a6 41. Bg3 Qd3+ 0-1

[Event "Poikovsky RUS"]
[Site "?"]
[Date "2006.03.25"]
[Round "7"]
[White "Bareev Evgeny"]
[Black "Onischuk Alexander"]
[Result "1-0"]
[WhiteElo "2698"]
[BlackElo "2650"]
[PlyCount "71"]
[EventDate "2006.??.??"]
[Source "www.chesslib.no"]
[SourceDate "2004.05.04"]

1. d4 Nf6 2. c4 e6 3. Nf3 b6 4. Nc3 Bb4 5. Bg5 Bb7 6. Nd2 h6 7. Bh4 O-O 8. e4 g5 9. Bg3 Bxe4 10. a3 Bxc3 11. bxc3 Bg6 12. Be2 d5 13. h4 Nbd7 14. hxg5 hxg5 15. f4 gxf4 16. Bxf4 c5 17. Nf3 Ne4 18. Qc1 cxd4 19. cxd4 Qe7 20. Qe3 f6 21. Rh6 Bh7 22. Qb3 Rac8 23. cxd5 exd5 24. Qxd5+ Rf7 25. Rxh7 Kxh7 26. Bd3 f5 27. Kf1 Qf6 28. Re1 Rg8 29. Rc1 Qg6 30. Nh4 Ndf6 31. Qxf5 Qxf5 32. Nxf5 Rg6 33. Be5 Rg4 34. Kg1 Rd7 35. Rc6 Nc5 36. Bc2 1-0

[Event "ch-Euro Blitz"]
[Site "Ajaccio FRA"]
[Date "2007.10.26"]
[Round "23"]
[White "Milov, V."]
[Black "Karpov, Ana"]
[Result "0-1"]
[WhiteElo "2676"]
[BlackElo "2670"]
[PlyCount "82"]
[EventDate "2007.10.25"]
[Source "www.chesslib.no"]
[SourceDate "2004.05.04"]

1. d4 Nf6 2. c4 e6 3. Nc3 Bb4 4. Nf3 b6 5. Bg5 Bb7 6. Nd2 h6 7. Bh4 Bxc3 8. bxc3 g5 9. Bg3 d6 10. f3 Nbd7 11. e4 Nh5 12. Bf2 f5 13. Qc2 Qf6 14. O-O-O O-O-O 15. c5 dxc5 16. exf5 exf5 17. dxc5 Rhe8 18. Nb3 Nf4 19. Kb1 Kb8 20. Bd4 Qe6 21. Bb5 Bc6 22. Ba6 g4 23. Qd2 Nxc5 24. Nxc5 bxc5 25. Rhe1 Be4+ 26. fxe4 Qxa6 27. Qb2+ Ka8 28. Bxc5 Rb8 29. Bb4 c5 30. exf5 Rxe1 31. Rxe1 cxb4 32. cxb4 Nd3 33. Qe2 Rxb4+ 34. Ka1 Qc4 35. Qe8+ Rb8 36. Qe4+ Qxe4 37. Rxe4 Rc8 38. a4 Rc1+ 39. Ka2 Rc2+ 40. Kb3 Rxg2 41. f6 Nc5+ 0-1

[Event "Bundesliga 2003-4"]
[Site "Bremer"]
[Date "2004.03.27"]
[Round "12"]
[White "Bacrot, Etienne"]
[Black "Nisipeanu, Liviu Dieter"]
[Result "1/2-1/2"]
[WhiteElo "2664"]
[BlackElo "2678"]
[PlyCount "55"]
[EventDate "2004.01.01"]
[Source "Roberto Alvarez"]
[SourceDate "2004.03.29"]

1. d4 Nf6 2. c4 e6 3. Nc3 Bb4 4. Nf3 b6 5. Bg5 Bb7 6. e3 h6 7. Bh4 Bxc3+ 8. bxc3 d6 9. Nd2 Nbd7 10. f3 e5 11. Bd3 Qe7 12. e4 Nf8 13. Nf1 Ng6 14. Bf2 Nf4 15. Ne3 Nxd3+ 16. Qxd3 Nh5 17. g3 O-O 18. O-O Bc8 19. Nd5 Qd8 20. dxe5 dxe5 21. c5 Nf6 22. c4 Bh3 23. Rfd1 Nxd5 24. exd5 bxc5 25. Bxc5 Re8 26. Rab1 a6 27. Bf2 Qd7 28. Rb7 1/2-1/2

[Event "Tch (Men) 2005/2006 RUS"]
[Site "?"]
[Date "2006.04.22"]
[Round "3"]
[White "Zvjaginsev Vadim"]
[Black "Karpov Anatoly"]
[Result "1/2-1/2"]
[WhiteElo "2670"]
[BlackElo "2672"]
[PlyCount "41"]
[EventDate "2006.??.??"]
[Source "www.chesslib.no"]
[SourceDate "2004.05.04"]

1. d4 Nf6 2. c4 e6 3. Nc3 Bb4 4. Nf3 b6 5. Bg5 Bb7 6. Nd2 h6 7. Bh4 Nc6 8. e3 Bxc3 9. bxc3 Qe7 10. e4 e5 11. d5 Nb8 12. f3 Na6 13. a4 Nc5 14. a5 d6 15. Be2 O-O 16. Nf1 Rfb8 17. Ne3 Bc8 18. O-O Nb7 19. Qc2 g5 20. axb6 axb6 21. Bf2 1/2-1/2

[Event "Moscow RUS"]
[Site "?"]
[Date "2005.02.16"]
[Round "2"]
[White "Bacrot Etienne"]
[Black "Berkes Ferenc"]
[Result "1/2-1/2"]
[WhiteElo "2715"]
[BlackElo "2610"]
[PlyCount "69"]
[EventDate "2005.??.??"]
[Source "www.chesslib.no"]
[SourceDate "2004.05.04"]

1. d4 Nf6 2. c4 e6 3. Nc3 Bb4 4. Nf3 b6 5. Bg5 Bb7 6. e3 h6 7. Bh4 g5 8. Bg3 Ne4 9. Qc2 Bxc3+ 10. bxc3 Nxg3 11. hxg3 d6 12. Bd3 Nd7 13. a4 a5 14. Be4 Bxe4 15. Qxe4 Ke7 16. Rb1 Qg8 17. Qc6 Ra7 18. O-O h5 19. e4 h4 20. Qb5 hxg3 21. fxg3 Ra8 22. e5 Qg6 23. Rbe1 Rh5 24. g4 Rh6 25. Qc6 Ra7 26. d5 Qh7 27. dxe6 fxe6 28. exd6+ cxd6 29. Rd1 Rh1+ 30. Kf2 Rxf1+ 31. Kxf1 Qh1+ 32. Ng1 Qh2 33. Nf3 Qh1+ 34. Ng1 Qh2 35. Nf3 1/2-1/2

[Event "Memorial Alekhine"]
[Site "?"]
[Date "1992.??.??"]
[Round "3"]
[White "Kamsky, G."]
[Black "Salov, V."]
[Result "1/2-1/2"]
[WhiteElo "2655"]
[BlackElo "2655"]
[PlyCount "49"]
[EventDate "1992.??.??"]
[Source "www.chesslib.no"]
[SourceDate "2004.05.04"]

1. d4 Nf6 2. c4 e6 3. Nf3 b6 4. Nc3 Bb4 5. Bg5 Bb7 6. e3 h6 7. Bh4 g5 8. Bg3 Ne4 9. Qc2 d6 10. Bd3 Bxc3+ 11. bxc3 f5 12. d5 Nd7 13. Nd4 Ne5 14. dxe6 Rf8 15. Be2 Qf6 16. Bh5+ Ke7 17. Bf7 Rxf7 18. exf7 Qxf7 19. O-O Nxg3 20. fxg3 Be4 21. Qf2 Rf8 22. g4 Qxc4 23. gxf5 Rf6 24. Qg3 Bd3 25. h4 1/2-1/2

[Event "Dubai (ol)"]
[Site "?"]
[Date "1986.??.??"]
[Round "?"]
[White "Kasparov, Garry"]
[Black "Miles, A."]
[Result "1-0"]
[WhiteElo "2740"]
[BlackElo "2570"]
[PlyCount "81"]
[EventDate "1986.??.??"]
[Source "ChessBase"]
[SourceDate "1986.07.01"]

1. d4 Nf6 2. c4 e6 3. Nf3 b6 4. Nc3 Bb4 5. Bg5 Bb7 6. e3 h6 7. Bh4 g5 8. Bg3 Ne4 9. Nd2 Nxg3 10. hxg3 Bf8 11. f4 Bg7 12. Qa4 Qe7 13. O-O-O Nc6 14. Be2 O-O-O 15. Kb1 Kb8 16. Rc1 Qb4 17. Qd1 Qf8 18. Bf3 f5 19. Qa4 g4 20. Bxc6 dxc6 21. c5 e5 22. fxe5 Bxe5 23. Ne2 Bf6 24. Nf4 Qe8 25. Rc3 b5 26. Qc2 Bc8 27. a4 Rh7 28. axb5 cxb5 29. c6 a6 30. Rc1 Rd6 31. Qb3 Re7 32. Nc4 Rxc6 33. Na5 Rxc3 34. Qxc3 Bb7 35. Nxb7 Kxb7 36. Nd5 Rf7 37. Nxf6 Rxf6 38. Qxc7+ Ka8 39. Rc5 Qb8 40. Qd7 Rf8 41. Rc6 1-0

[Event "Moskva"]
[Site "?"]
[Date "1992.??.??"]
[Round "?"]
[White "Kamsky, G."]
[Black "Salov, V."]
[Result "1/2-1/2"]
[WhiteElo "2655"]
[BlackElo "2655"]
[PlyCount "83"]
[EventDate "1992.??.??"]
[Source "ChessBase"]
[SourceDate "1992.10.01"]

1. d4 Nf6 2. c4 e6 3. Nf3 b6 4. Nc3 Bb4 5. Bg5 Bb7 6. e3 h6 7. Bh4 g5 8. Bg3 Ne4 9. Qc2 d6 10. Bd3 Bxc3+ 11. bxc3 f5 12. d5 Nd7 13. Nd4 Ndc5 14. dxe6 Rf8 15. Be2 Qf6 16. Bh5+ Ke7 17. Bf7 Rxf7 18. exf7 Qxf7 19. O-O Nxg3 20. fxg3 Be4 21. Qf2 Rf8 22. g4 Qxc4 23. gxf5 Rf6 24. Qg3 Bd3 25. h4 Ne4 26. Qg4 c5 27. hxg5 hxg5 28. Ne6 Bxf1 29. Rxf1 Qd3 30. Qh3 Qxc3 31. Qh7+ Rf7 32. Qg8 Qxe3+ 33. Kh2 Qg3+ 34. Kh1 Qh4+ 35. Kg1 Rxf5 36. Rxf5 Qe1+ 37. Rf1 Qe3+ 38. Kh2 Qg3+ 39. Kg1 Qe3+ 40. Kh2 Qg3+ 41. Kg1 Qe3+ 42. Kh2 1/2-1/2

[Event "France"]
[Site "?"]
[Date "1990.??.??"]
[Round "?"]
[White "Salov Valery B"]
[Black "Timman Jan Hein"]
[Result "1/2-1/2"]
[WhiteElo "2645"]
[BlackElo "2660"]
[PlyCount "24"]
[EventDate "1990.??.??"]
[Source "www.chesslib.no"]
[SourceDate "2004.05.04"]

1. d4 Nf6 2. c4 e6 3. Nf3 b6 4. Nc3 Bb4 5. Qc2 Bb7 6. Bg5 h6 7. Bh4 g5 8. Bg3 Ne4 9. e3 Bxc3+ 10. bxc3 Nxg3 11. hxg3 g4 12. Nh4 Qg5 1/2-1/2

[Event "Ajaccio FRA, 2. Open"]
[Site "?"]
[Date "2005.10.26"]
[Round "3"]
[White "Bacrot Etienne"]
[Black "Agrest Evgenij"]
[Result "1-0"]
[WhiteElo "2725"]
[BlackElo "2570"]
[PlyCount "53"]
[EventDate "2005.??.??"]
[Source "www.chesslib.no"]
[SourceDate "2004.05.04"]

1. d4 Nf6 2. Nf3 e6 3. c4 b6 4. Nc3 Bb4 5. Bg5 Bb7 6. e3 h6 7. Bh4 Bxc3+ 8. bxc3 d6 9. Nd2 g5 10. Bg3 Qe7 11. h4 Rg8 12. hxg5 hxg5 13. Qa4+ Nfd7 14. Rb1 Bc6 15. Qc2 Nf6 16. e4 Nbd7 17. f3 e5 18. c5 dxc5 19. Nc4 O-O-O 20. dxe5 Ne8 21. Rh6 Bb7 22. Qa4 Kb8 23. Rd1 Ng7 24. Nd6 cxd6 25. Rhxd6 Kc8 26. e6 Nxe6 27. Rc6+ 1-0

[Event "EU-chT (Men)"]
[Site "Pula"]
[Date "1997.??.??"]
[Round "1"]
[White "Ehlvest, Jaan"]
[Black "Adams, Michael"]
[Result "1/2-1/2"]
[WhiteElo "2635"]
[BlackElo "2660"]
[PlyCount "35"]
[EventDate "1997.05.05"]
[Source "ChessBase"]

1. d4 Nf6 2. Nf3 e6 3. c4 b6 4. Nc3 Bb4 5. Bg5 h6 6. Bh4 g5 7. Bg3 Ne4 8. Qc2 Bb7 9. e3 Bxc3+ 10. bxc3 Nxg3 11. hxg3 d6 12. c5 Nd7 13. cxd6 cxd6 14. a4 Kf8 15. Bd3 Rc8 16. a5 bxa5 17. e4 Kg7 18. O-O 1/2-1/2

[Event "Venacu FRA, 1. Open"]
[Site "?"]
[Date "2005.11.28"]
[Round "4"]
[White "Bacrot Etienne"]
[Black "Agrest Evgenij"]
[Result "0-1"]
[WhiteElo "2725"]
[BlackElo "2570"]
[PlyCount "78"]
[EventDate "2005.??.??"]
[Source "www.chesslib.no"]
[SourceDate "2004.05.04"]

1. d4 Nf6 2. c4 e6 3. Nf3 b6 4. Nc3 Bb4 5. Bg5 Bb7 6. e3 h6 7. Bh4 Bxc3+ 8. bxc3 d6 9. Nd2 g5 10. Bg3 Nc6 11. h4 Rg8 12. hxg5 hxg5 13. e4 Qe7 14. Qc2 O-O-O 15. O-O-O e5 16. d5 Nb8 17. c5 bxc5 18. Nc4 c6 19. Rh6 Rg6 20. Rxg6 fxg6 21. Be2 Rd7 22. Qa4 cxd5 23. exd5 Bxd5 24. Rxd5 Nxd5 25. Bg4 Nb6 26. Nxb6+ axb6 27. Qe4 Kc7 28. Bf3 d5 29. Qxg6 Nc6 30. c4 Rd6 31. Qg8 d4 32. Qa8 e4 33. Bg4 Qd8 34. Qa6 Qb8 35. a4 d3 36. Kd2 Qh8 37. Bxd6+ Kxd6 38. Qxb6 Qd4 39. Ke1 Qc3+ 0-1

[Event "KRO m"]
[Site "Hilversum"]
[Date "1984.12.22"]
[Round "6"]
[White "Portisch, Lajos"]
[Black "Timman, Jan H"]
[Result "1/2-1/2"]
[WhiteElo "2640"]
[BlackElo "2650"]
[PlyCount "60"]
[EventDate "1984.12.16"]
[Source "ChessBase"]

1. d4 Nf6 2. c4 e6 3. Nf3 b6 4. Nc3 Bb4 5. Bg5 Bb7 6. Qc2 h6 7. Bh4 g5 8. Bg3 Ne4 9. Be5 f6 10. d5 exd5 11. cxd5 Bxc3+ 12. Bxc3 Bxd5 13. O-O-O Nxc3 14. Qxc3 Bf7 15. h4 g4 16. Ne5 Bh5 17. Qc2 fxe5 18. Qf5 Qe7 19. Qxh5+ Kd8 20. Qxg4 Rf8 21. Qh5 Qe6 22. Kb1 Nc6 23. a3 a5 24. g3 Nb4 25. axb4 axb4 26. Bh3 Qa2+ 27. Kc2 Qc4+ 28. Kd2 Qd4+ 29. Kc2 Qc4+ 30. Kd2 Qd4+ 1/2-1/2

[Event "Mind Sports Games - Blitz Ind"]
[Site "Pechino CINA"]
[Date "2008.10.04"]
[Round "6"]
[White "Wang Yue"]
[Black "Adianto, U."]
[Result "1/2-1/2"]
[WhiteElo "2736"]
[BlackElo "2554"]
[PlyCount "71"]
[EventDate "2008.10.04"]
[Source "www.chesslib.no"]
[SourceDate "2004.05.04"]

1. d4 Nf6 2. c4 e6 3. Nc3 Bb4 4. Nf3 b6 5. Bg5 Bb7 6. e3 h6 7. Bh4 g5 8. Bg3 Ne4 9. Qc2 Bxc3+ 10. bxc3 d6 11. Bd3 f5 12. d5 Qf6 13. Nd4 Nc5 14. O-O Nba6 15. dxe6 Nxd3 16. Qxd3 Be4 17. Qe2 Nc5 18. Qh5+ Kd8 19. f3 Bd3 20. Rfe1 Kc8 21. e4 f4 22. Bf2 Bxc4 23. Nc6 Qxe6 24. e5 Kb7 25. Nd4 Qd5 26. exd6 Qxd6 27. Nf5 Qf6 28. Bxc5 Qxf5 29. Bd4 Bf7 30. Bg7 Qg4 31. fxg4 Bxa2 32. Bxh6 Rag8 33. Re5 a5 34. Bxg5 a4 35. Bxf4 Rxg4 36. Bc1 1/2-1/2

[Event "Japfa Classic"]
[Site "Bali"]
[Date "2000.04.27"]
[Round "5"]
[White "Khalifman, Alexander"]
[Black "Milos, Gilberto"]
[Result "1/2-1/2"]
[WhiteElo "2656"]
[BlackElo "2620"]
[PlyCount "47"]
[EventDate "2000.04.22"]
[Source "ChessBase"]
[SourceDate "2000.07.27"]

1. d4 Nf6 2. c4 e6 3. Nf3 b6 4. Nc3 Bb4 5. Bg5 Bb7 6. Nd2 h6 7. Bh4 c5 8. a3 Bxc3 9. bxc3 d6 10. f3 e5 11. e4 Nbd7 12. Rb1 Nf8 13. Bf2 g6 14. a4 Ne6 15. d5 Ng7 16. a5 Bc8 17. axb6 axb6 18. g4 Bd7 19. h4 Ng8 20. Rg1 Ne7 21. Bd3 f6 22. Ra1 Kf7 23. Rxa8 Qxa8 24. Qb3 1/2-1/2

[Event "Bundesliga 2003-4"]
[Site "Koelln"]
[Date "2004.04.24"]
[Round "14"]
[White "Bacrot, Etienne"]
[Black "Chuchelov, Vladimir"]
[Result "1-0"]
[WhiteElo "2675"]
[BlackElo "2593"]
[PlyCount "57"]
[EventDate "2004.04.01"]
[Source "Roberto Alvarez"]
[SourceDate "2004.05.10"]

1. d4 Nf6 2. c4 e6 3. Nc3 Bb4 4. Nf3 b6 5. Bg5 Bb7 6. e3 h6 7. Bh4 Bxc3+ 8. bxc3 d6 9. Nd2 Nbd7 10. f3 Qe7 11. Qa4 e5 12. e4 a6 13. Bd3 g5 14. Bf2 Nh5 15. g3 g4 16. fxg4 Nhf6 17. h3 exd4 18. cxd4 b5 19. cxb5 Nxe4 20. Bxe4 Bxe4 21. O-O Nf6 22. Qb4 Bd5 23. Rae1 Be6 24. d5 Nxd5 25. Qc4 Kf8 26. Qc6 Qe8 27. Bd4 Qxc6 28. bxc6 Ke7 29. Rf5 1-0

[Event "Redbus Knockout"]
[Site "London"]
[Date "2000.04.24"]
[Round "4.4"]
[White "Lalic, Bogdan"]
[Black "Adams, Michael"]
[Result "1/2-1/2"]
[WhiteElo "2548"]
[BlackElo "2715"]
[PlyCount "79"]
[EventDate "2000.04.21"]
[Source "ChessBase"]
[SourceDate "2000.05.31"]

1. d4 Nf6 2. c4 e6 3. Nf3 b6 4. Nc3 Bb4 5. Bg5 h6 6. Bh4 Bb7 7. Qb3 Bxc3+ 8. Qxc3 d6 9. e3 g5 10. Bg3 Ne4 11. Qc2 Nd7 12. Bd3 f5 13. d5 exd5 14. cxd5 Bxd5 15. Nd4 Ndc5 16. Bb5+ Kf7 17. Nxf5 Qf6 18. Nd4 h5 19. f3 Nxg3 20. hxg3 Qe5 21. Kf2 Raf8 22. Qf5+ Qxf5 23. Nxf5 a5 24. e4 Be6 25. Nd4 Ke7 26. Ke3 h4 27. gxh4 gxh4 28. Rh2 Bc8 29. Rah1 Rfg8 30. Bf1 h3 31. g4 Bxg4 32. fxg4 Rxg4 33. Nf3 Rxe4+ 34. Kd2 Rb4 35. Kc2 Rf4 36. Rxh3 Rxh3 37. Rxh3 Kd7 38. b3 d5 39. Kd2 Rf6 40. Bd3 1/2-1/2